00831nam a2200205 i 4500001000700000003000900007005001700016007000300033008004100036100003500077245013500112260004400247300002200291600006600313650003600379700004900415852002100464999001900485952012100504141165ES-MaACL20250913172629.0t|070919s1946 sp ||||1| fre d1 aVitoria, Francisco de.911551714aLes principes du droit public chez Francisco de Vitoria : bchoix des textes / cintroduction et notes par Antonio Truyol y Serra. aMadrid : bCultura Hispánica, c1946. a115 p. ; c24 cm.14aVitoria, Francisco de-xCrítica e interpretación.9115518 7aDerecho público2embne9117631 aTruyol y Serra, Antonio, d1913-20039111597 aES-MaACLjD-8445 c141165d141165 00104070aATENEOMbATENEOMcSVId2008-01-17eSCl0oD-8445p901146887r2023-02-23 00:00:00w2023-02-23yMONOGRAFIA